| Tag |
First Indicator |
Second Indicator |
Subfields |
| LEADER |
00000pam a2200000 i 4500 |
| 001 |
in00000097270 |
| 005 |
20150925114636.0 |
| 008 |
790524s1980 nyu 00110 eng |
| 010 |
|
|
|a 79015883
|
| 020 |
|
|
|a 0070616507 :
|c $24.50
|
| 035 |
|
|
|a (OCoLC)05101283
|
| 035 |
|
|
|9 AAL2726AM
|
| 040 |
|
|
|a DLC
|c DLC
|d TXA
|d UtOrBLW
|
| 043 |
|
|
|a n-us---
|
| 049 |
|
|
|a TXAM
|c [1191252]
|
| 050 |
0 |
0 |
|a KF3580.C6
|b S78
|
| 082 |
0 |
|
|a 344/.73/01769
|
| 100 |
1 |
|
|a Stokes, McNeill.
|
| 245 |
1 |
0 |
|a Labor law in contractor's language /
|c McNeill Stokes.
|
| 264 |
|
1 |
|a New York :
|b McGraw-Hill,
|c [1980]
|
| 264 |
|
4 |
|c ©1980
|
| 300 |
|
|
|a xviii, 434 pages ;
|c 24 cm.
|
| 336 |
|
|
|a text
|b txt
|2 rdacontent
|
| 337 |
|
|
|a unmediated
|b n
|2 rdamedia
|
| 338 |
|
|
|a volume
|b nc
|2 rdacarrier
|
| 500 |
|
|
|a "An engineering news-record series."
|
| 500 |
|
|
|a Includes index.
|
| 650 |
|
0 |
|a Construction workers
|x Legal status, laws, etc.
|z United States.
|
| 650 |
|
0 |
|a Collective labor agreements
|x Construction industry
|z United States.
|
| 999 |
|
|
|a MARS
|
| 999 |
f |
f |
|s fc64b473-b74f-3d13-9387-7d23cdbfd9b6
|i 00572bf3-0474-3b04-bde7-ef3e83ad5f21
|t 0
|
| 952 |
f |
f |
|p ric
|a Texas A&M University
|b Rellis Campus
|c Joint Library Facility
|d Remote Storage
|t 0
|e KF3580.C6 S78
|h Library of Congress classification
|i unmediated -- volume
|m A14803177201
|
| 998 |
f |
f |
|a KF3580.C6 S78
|t 0
|l Remote Storage
|